| 000 | 01080nam a2200217Ia 4500 | ||
|---|---|---|---|
| 008 | 240825s9999 xx 000 0 und d | ||
| 020 |
_a9780749466251 _qpbk |
||
| 041 | _aeng | ||
| 082 |
_a658.7 _bMCK |
||
| 100 | _aMcKinnon, Alan | ||
| 245 | 0 |
_a Green logistics : improving the environmental sustainability of logistics _cedited by Alan McKinnon, Michael Browne and Anthony Whiteing. |
|
| 250 | _a2nd ed. | ||
| 260 |
_c2012 _aLondon _bKogan page |
||
| 300 |
_axiv, 377 p. _b: ill. _c; 24 cm. |
||
| 504 | _aBib and Ref | ||
| 520 | _aAnalyses the environmental consequences of logistics operations and how to deal with them in an effective and cost efficient way. It examines key areas including carbon auditing of supply chains, transferring freight to greener transport modes, reducing the environmental impact of warehousing, improving fuel efficiency in freight transport, and reverse logistics for the management of waste | ||
| 650 | _aBusiness logistics--Environmental aspects. | ||
| 700 | _aBrowne, Michael. | ||
| 700 | _aWhiteing, Anthony. | ||
| 942 | _cENGLISH | ||
| 999 |
_c541774 _d541774 |
||